000 01113cam a2200241 4500
001 ABS64373
008 010905n2001 000 0 eng u
035 _a(Sirsi) u114438
100 _aColwell, A
245 _aSetting the direction for EU environmental policy
260 _c2001
490 _aTown & Country Planning
_v70(7&8) July/August 2001, 220-221(2)
520 _aStudies the EU's Sixth Environmental Action Plan (6EAP), which will form the basis of EU environmental policy and the mainstay of its sustainable development strategy. 6EAP will focus on four main areas - climate change, biodiversity, health and environment and sustainable resource use and waste management. Looks at 6EAP's objectives and aims and how these will be achieved. 6EAP closes gaps from previous environmental action programmes.
590 _aABS
650 _aEUROPEAN POLICY
650 _aENVIRONMENTAL POLICY
650 _aENVIRONMENTAL ACTION PROGRAMMES
650 _aEUROPEAN UNION
650 _aSUSTAINABLE DEVELOPMENT
650 _aCLIMATE CHANGE
690 _aENVIRONMENT-ENVIRONMENTAL LAW
942 _n0
999 _c68163
_d68163